000
00343nam a2200145Ia 4500
008
230718s9999 xx 000 0 und d
041
_a
Eng.
082
_a
338.73
_b
ABB-P
100
_a
Abbasi, Prof. Dr. Muhammad
245
0
_a
Partnership Act 1952
260
_a
Pakistan
_b
law fublisher
_c
2004
300
_a
17
650
_a
Law
999
_c
28979
_d
28979